| 000 | 00768nam a2200289Ia 4500 | ||
|---|---|---|---|
| 008 | 171120s9999 xx 000 0 und d | ||
| 020 | _a7244010668 | ||
| 050 | _a31.02 | ||
| 050 | _bS562 2014 | ||
| 100 | _aShulman, Mark | ||
| 245 | _aBook of why : | ||
| 245 | _bmore than 501 fascinating facts / | ||
| 245 | _cby Mark Shulman. | ||
| 250 | _aMark Shulman and James Buckley Jr. | ||
| 260 | _aNew York : | ||
| 260 | _bTome Home Entertainment Inc., | ||
| 260 | _c2014 | ||
| 300 | _a96 pages : | ||
| 300 | _bcolor illustrations ; | ||
| 300 | _c23cm. | ||
| 440 | _aTime for kids. | ||
| 650 | _aChildren's questions and answers. | ||
| 650 | _aCuriosities and wonders. | ||
| 650 | _aQuestions and answers. | ||
| 700 | _aSeries. | ||
| 700 | _aTitle. | ||
| 999 |
_c345200 _d345200 |
||